Statistics for Thunderbirds

Click here to take the quiz!

General Stats

  • This quiz has been taken 71 times
  • The average score is 9 of 16

Answer Stats

HintAnswer% Correct
Island that they all live onTracy
97%
Who is her chauffeurParker
89%
Who is the youngest Tracy brotherAlan
83%
What colour glasses does Brains wearBlue
81%
Which ship does Virgil flyThunderbird 2
81%
What speech impediment does Brains haveStutter
78%
Who is their FatherJeff Tracy
76%
What colour eyes does Gordon haveBrown
75%
What colour hair does Scott haveBlack
73%
What was Lady Penelope's surname?Creighton-Ward
46%
What colour sash does John wear.Orange
44%
What ship does Kayo flyThunderbird Shadow
24%
What is his first nameAloysius
22%
What was that first episode calledRing of Fire
11%
When did the first TV episode air on British TV?4th April 2015
6%
What was Lady Penelope's family motto?Elegance, Charm and Deadly Danger
3%

Score Distribution

Percentile by Number Answered

Percent of People with Each Score

Your Score History

You have not taken this quiz